00385nam a22001337a 450000500170000000800410001704100230005808200130008110000220009424500310011626000460014730000320019365000260022520240719133722.0240719b |||||||| |||| 00| 0 eng d aEnglish/Afrikaans  a349 SOU  lEnglish/Afrikaans aSouth African Law Reports  aCape Town: bJuta and Company Ltd, c1991 blxxix, 880 pages; c26 cm.  aLegal practice bLaw